000
00238nam a2200097Ia 4500
001
1206049
005
20251009124913.0
008
250824s9999 xx 000 0 und d
245
0
_a
KAR KOKUSU
_c
AHMET ÜMİT
260
_b
EVEREST YAYINLARI
999
_c
1206049
_d
1206049